[Event "Sunway Sitges Open 2017"]
[Site "Sitges ESP"]
[Date "2017.12.15"]
[Round "1.23"]
[White "Santos Ruiz, Miguel"]
[Black "Linsenmeyer, Mario"]
[Result "1/2-1/2"]
[WhiteTitle "IM"]
[WhiteElo "2509"]
[BlackElo "2188"]
[WhiteFideId "22291482"]
[BlackFideId "24635138"]
[EventDate "2017.12.15"]

1. e4 e5 2. Nf3 Nf6 3. Nxe5 d6 4. Nf3 Nxe4 5. Nc3 Nxc3 6. dxc3 Be7 7. Be3 O-O 8.
Qd2 Nd7 9. O-O-O c6 10. c4 Ne5 11. Rg1 Be6 12. Qc3 Ng4 13. Bd4 Bf6 14. Bxf6 Nxf6
15. Nd4 Re8 16. Bd3 Qb6 17. f3 d5 18. c5 Qc7 19. g3 Re7 20. Rde1 Rae8 21. Nb3
Bc8 22. Rxe7 Qxe7 23. Qd4 1/2-1/2

[Event "Sunway Sitges Open 2017"]
[Site "Sitges ESP"]
[Date "2017.12.15"]
[Round "1.24"]
[White "Nordquelle, Daniel"]
[Black "Stella, Andrea"]
[Result "1/2-1/2"]
[BlackTitle "GM"]
[WhiteElo "2188"]
[BlackElo "2505"]
[WhiteFideId "1519042"]
[BlackFideId "827061"]
[EventDate "2017.12.15"]

1. e4 c5 2. Nc3 Nc6 3. Bb5 Nd4 4. Bc4 e6 5. Nge2 Nxe2 6. Qxe2 d6 7. d3 a6 8. a4
Ne7 9. O-O Nc6 10. Be3 Be7 11. f4 O-O 12. Qf2 b6 13. Ba2 Bf6 14. Nd1 d5 15. e5
Be7 16. c3 Bd7 17. d4 cxd4 18. cxd4 Nb4 19. Bb1 b5 20. Nc3 f5 21. axb5 axb5 22.
Rxa8 Qxa8 23. h3 Nc6 24. g4 b4 25. Ne2 Na5 26. gxf5 exf5 27. Qf3 Be6 28. Bd3 Nc4
29. Bc1 Qa2 30. Bc2 Rc8 31. Qb3 Qa7 32. Bd3 Qd7 33. Kh2 Kh8 34. Qa2 Qb7 35. b3
Na3 36. Bd2 Qd7 37. Qb2 h6 38. Rc1 Rg8 39. Rg1 g6 40. Be3 Kh7 41. Qd2 Qb7 42.
Rc1 Kg7 43. Ng3 Kf7 44. Qe2 Qd7 45. Bd2 Rb8 46. Qe1 Rb7 47. Ne2 Qd8 48. Rc6 Rb6
49. Qc1 Qb8 50. Ba6 Nc4 51. Rxb6 Qxb6 52. Bxc4 dxc4 53. bxc4 Qa6 54. d5 Bxd5 55.
cxd5 Qxe2+ 56. Kg1 Bc5+ 57. Qxc5 Qd1+ 58. Kg2 Qxd2+ 59. Kg1 Qe1+ 60. Kg2 Qd2+
61. Kg1 Qd1+ 62. Kf2 Qd2+ 63. Kg1 Qd1+ 1/2-1/2

[Event "Sunway Sitges Open 2017"]
[Site "Sitges ESP"]
[Date "2017.12.15"]
[Round "1.25"]
[White "Matinian, Nikita"]
[Black "Galiana Fernandez, Adrian"]
[Result "1-0"]
[WhiteTitle "GM"]
[BlackTitle "FM"]
[WhiteElo "2499"]
[BlackElo "2183"]
[WhiteFideId "24129100"]
[BlackFideId "32010150"]
[EventDate "2017.12.15"]

1. e4 e6 2. d4 b6 3. Bd3 Bb7 4. Nf3 c5 5. c3 Nf6 6. Qe2 d5 7. e5 Nfd7 8. Bg5 Qc8
9. Nbd2 Ba6 10. c4 Nc6 11. a3 cxd4 12. b4 dxc4 13. Nxc4 Bxc4 14. Bxc4 Be7 15.
Bxe7 Kxe7 16. Rc1 Qb8 17. Bxe6 d3 18. Qe4 d2+ 19. Kxd2 fxe6 20. Rxc6 a5 21. Ke2
Rc8 22. Rhc1 Rxc6 23. Rxc6 axb4 24. Qxb4+ Kf7 25. Qc4 Nc5 26. Ng5+ Kg6 27. f4
Rxa3 28. Nxe6 Qa8 29. f5+ Kh5 30. Nxg7+ Kg5 31. h4# 1-0

[Event "Sunway Sitges Open 2017"]
[Site "Sitges ESP"]
[Date "2017.12.15"]
[Round "1.26"]
[White "Sorensen, Hampus"]
[Black "Manolache, Marius"]
[Result "0-1"]
[BlackTitle "GM"]
[WhiteElo "2183"]
[BlackElo "2495"]
[WhiteFideId "8703884"]
[BlackFideId "1201530"]
[EventDate "2017.12.15"]

1. d4 Nf6 2. c4 g6 3. Nc3 Bg7 4. e4 d6 5. f3 O-O 6. Be3 Nc6 7. Nge2 a6 8. Qd2
Rb8 9. Rc1 Re8 10. h4 h5 11. Nd1 Bd7 12. c5 dxc5 13. Rxc5 e5 14. d5 Nd4 15. Nf2
c6 16. dxc6 Bxc6 17. Nd3 Bxe4 18. fxe4 Nxe4 19. Qc1 Nxc5 20. Nxc5 Rc8 0-1

[Event "Sunway Sitges Open 2017"]
[Site "Sitges ESP"]
[Date "2017.12.15"]
[Round "1.27"]
[White "Gascon Del Nogal, Jose Rafael"]
[Black "Sumit, Kumar"]
[Result "1-0"]
[WhiteTitle "IM"]
[WhiteElo "2479"]
[BlackElo "2176"]
[WhiteFideId "3902463"]
[BlackFideId "5054010"]
[EventDate "2017.12.15"]

1. e4 e5 2. Nf3 Nc6 3. Bb5 a6 4. Ba4 Nf6 5. O-O Be7 6. d3 b5 7. Bb3 d6 8. a3 O-O
9. Nc3 Bg4 10. Be3 Nd4 11. Bxd4 exd4 12. Nd5 Nxd5 13. Bxd5 Rc8 14. h3 Bd7 15.
Qe2 Bf6 16. Bb3 c6 17. a4 Qc7 18. Rfe1 Rfe8 19. Qd2 h6 20. Qf4 Be6 21. Bxe6 Rxe6
22. axb5 cxb5 23. Re2 a5 24. Qf5 Qb6 25. Qd5 Ree8 26. Ne1 Rc5 27. Qa2 a4 28. f4
Bh4 29. Nf3 Bg3 30. Rf1 Rec8 31. e5 Bxf4 32. e6 Be3+ 33. Kh1 fxe6 34. Qxe6+ Kh8
35. Nh4 Qb7 36. Ng6+ Kh7 37. Nf8+ Kh8 38. Qg6 1-0

[Event "Sunway Sitges Open 2017"]
[Site "Sitges ESP"]
[Date "2017.12.15"]
[Round "1.28"]
[White "Raahul, V S"]
[Black "Karthik, Venkataraman"]
[Result "1/2-1/2"]
[BlackTitle "FM"]
[WhiteElo "2175"]
[BlackElo "2475"]
[WhiteFideId "25035525"]
[BlackFideId "25006479"]
[EventDate "2017.12.15"]

1. c4 e6 2. g3 d5 3. Bg2 Nf6 4. Nf3 Be7 5. O-O O-O 6. b3 c5 7. Bb2 Nc6 8. cxd5
exd5 9. d4 Re8 10. Nc3 cxd4 11. Nxd4 Bg4 12. h3 Bh5 13. Nf5 Bg6 14. Nxe7+ Qxe7
15. e3 Rad8 16. Ne2 Bh5 17. g4 Bg6 18. Nf4 Be4 19. f3 Bg6 20. Re1 d4 21. exd4
Qd6 22. Rxe8+ Rxe8 23. Qd2 Rd8 24. Rd1 Nd5 25. Nxd5 Qxd5 26. Qe3 f5 27. f4 Qd7
28. d5 fxg4 29. Rf1 Nb4 30. hxg4 Nxd5 31. Qd4 Nf6 32. Rd1 Qxd4+ 33. Rxd4 1/2-1/2

[Event "Sunway Sitges Open 2017"]
[Site "Sitges ESP"]
[Date "2017.12.15"]
[Round "1.29"]
[White "Hambleton, Aman"]
[Black "Boyer, Mahel"]
[Result "1-0"]
[WhiteTitle "IM"]
[WhiteElo "2474"]
[BlackElo "2168"]
[WhiteFideId "2606577"]
[BlackFideId "45102422"]
[EventDate "2017.12.15"]

1. d4 d5 2. c4 e6 3. Nc3 Nf6 4. cxd5 exd5 5. Bg5 c6 6. e3 Bf5 7. Qf3 Be6 8. Bxf6
Qxf6 9. Qxf6 gxf6 10. Bd3 Nd7 11. Nf3 Nb6 12. Nh4 Nc8 13. Rc1 Nd6 14. Ne2 a5 15.
Nf4 Be7 16. h3 f5 17. Nf3 Ne4 18. Nh5 Rg8 19. g3 Kf8 20. Ng1 Bb4+ 21. Kf1 Ke7
22. Ne2 a4 23. a3 Bd6 24. Kg2 Ra5 25. Rhd1 Bd7 26. f3 Nf6 27. Nhf4 Raa8 28. Kf2
h5 29. Ng2 Rg5 30. Nh4 Ne4+ 31. fxe4 fxe4 32. Bc2 Bxh3 33. Nf4 Bg4 34. Rd2 Kd7
35. Rh1 b5 36. Bd1 Rag8 37. Bxg4+ Rxg4 38. Nf5 R4g5 39. Nxd6 Kxd6 40. Rh3 h4 41.
gxh4 Rg1 42. h5 Rb1 43. Rg3 Rf1+ 44. Kxf1 Rxg3 45. h6 Rg8 46. h7 Rh8 47. Rh2 Ke7
48. Rh6 Kf8 49. Nh5 f6 50. Rxf6+ 1-0

[Event "Sunway Sitges Open 2017"]
[Site "Sitges ESP"]
[Date "2017.12.15"]
[Round "1.30"]
[White "Chu, Ruotong"]
[Black "Liu, Guanchu"]
[Result "1-0"]
[BlackTitle "IM"]
[WhiteElo "2166"]
[BlackElo "2462"]
[WhiteFideId "8605653"]
[BlackFideId "8603901"]
[EventDate "2017.12.15"]

1. d4 Nf6 2. c4 b6 3. f3 Nc6 4. Nc3 e5 5. d5 Ne7 6. e4 Ng6 7. a3 a5 8. Rb1 Be7
9. g3 O-O 10. Bd3 d6 11. Nge2 Bh3 12. Kf2 Qc8 13. Qc2 h5 14. Nd1 Nh7 15. Ne3 Bg5
16. Nf5 Re8 17. Ng1 Bxc1 18. Nxh3 Bh6 19. Nxh6+ gxh6 20. Ng1 h4 21. Ne2 Ng5 22.
Ke3 Qh3 23. Rbf1 Qg2 24. Qb1 Nh3 25. Qe1 c6 26. gxh4 Nhf4 27. Qg3 Qh3 28. Qxh3
Nxh3 29. h5 Nh4 30. Rhg1+ Nxg1 31. Rxg1+ Kh8 32. Rg4 cxd5 33. cxd5 Rg8 34. Rxh4
Rg2 35. a4 Rc8 36. b3 Rc5 37. Bc4 b5 38. Bxb5 f5 39. exf5 Rxd5 40. Bc4 Rd1 41.
Nc3 Rc1 42. Kd3 Rf2 43. Bd5 Rcc2 44. f6 Rfd2+ 45. Ke4 1-0

[Event "Sunway Sitges Open 2017"]
[Site "Sitges ESP"]
[Date "2017.12.15"]
[Round "1.31"]
[White "Saduakassova, Dinara"]
[Black "Villar Reymundo, Juan Antonio"]
[Result "1-0"]
[WhiteTitle "IM"]
[WhiteElo "2460"]
[BlackElo "2164"]
[WhiteFideId "13700090"]
[BlackFideId "3802744"]
[EventDate "2017.12.15"]

1. d4 Nf6 2. c4 g6 3. g3 d5 4. cxd5 Nxd5 5. e4 Nb6 6. Bg2 Bg7 7. Ne2 c5 8. d5 e6
9. O-O O-O 10. Nec3 Na6 11. Bf4 exd5 12. exd5 h5 13. Nd2 Bg4 14. Qb3 Qd7 15. a4
Nb4 16. a5 Nc8 17. Na4 b6 18. axb6 Nxb6 19. Nxc5 Qb5 20. Na6 Be2 21. Nxb4 Bxf1
22. Bxf1 Qd7 23. Bg2 Rac8 24. Nc6 Ra8 25. d6 1-0

[Event "Sunway Sitges Open 2017"]
[Site "Sitges ESP"]
[Date "2017.12.15"]
[Round "1.33"]
[White "Bilguun, Sumiya"]
[Black "Ruperez, Miguel"]
[Result "1-0"]
[WhiteTitle "IM"]
[WhiteElo "2459"]
[BlackElo "2158"]
[WhiteFideId "4901541"]
[BlackFideId "115177"]
[EventDate "2017.12.15"]

1. e4 c5 2. Nf3 e6 3. g3 Nc6 4. Bg2 Nf6 5. Qe2 e5 6. c3 d6 7. O-O Be7 8. d3 O-O
9. a3 Re8 10. b4 a6 11. Nbd2 Bf8 12. Rd1 Rb8 13. h3 h6 14. Rb1 b5 15. Nf1 Be6
16. Ne3 Qd7 17. Kh2 Rbd8 18. Bb2 Ba2 19. Ra1 Bb3 20. Re1 Be6 21. d4 cxd4 22.
cxd4 Nxd4 23. Nxd4 exd4 24. Bxd4 Qe7 25. f4 Rc8 26. Qb2 Nd7 27. Qf2 Qd8 28. g4
Be7 29. Qb2 Bf6 30. Rad1 Qc7 31. Rd3 Bc4 32. Rd2 Bxd4 33. Qxd4 Nf6 34. Nf5 d5
35. e5 Re6 36. Rc1 Ne4 37. Bxe4 dxe4 38. Qxe4 Rd8 39. Rcd1 Rxd2+ 40. Rxd2 Qb6
41. Nd6 Qc7 42. Nxc4 bxc4 43. Qa8+ Kh7 44. Rd8 Rxe5 45. fxe5 Qxe5+ 46. Kg2 Qe2+
47. Kg3 Qe3+ 48. Qf3 Qg1+ 49. Qg2 Qe3+ 50. Kh2 c3 51. Rd1 Qe5+ 52. Kh1 1-0

[Event "Sunway Sitges Open 2017"]
[Site "Sitges ESP"]
[Date "2017.12.16"]
[Round "2.1"]
[White "Eggleston, David J"]
[Black "Motylev, Alexander"]
[Result "0-1"]
[WhiteTitle "IM"]
[BlackTitle "GM"]
[WhiteElo "2389"]
[BlackElo "2675"]
[WhiteFideId "412120"]
[BlackFideId "4121830"]
[EventDate "2017.12.15"]

1. c4 Nf6 2. Nc3 e5 3. Nf3 Nc6 4. g3 d5 5. cxd5 Nxd5 6. d3 Nb6 7. Bg2 Be7 8. O-O
O-O 9. a3 Re8 10. b4 Bf8 11. Bb2 a5 12. b5 Nd4 13. Nd2 a4 14. e3 Ne6 15. Qc2 Nc5
16. d4 exd4 17. exd4 Ne6 18. d5 Nc5 19. Rfe1 Bd7 20. Rxe8 Bxe8 21. Nde4 Nb3 22.
Rd1 f5 23. Nd2 Nxd2 24. Rxd2 Nc4 25. Rd4 Nxb2 26. Qxb2 Qe7 27. Rxa4 Rxa4 28.
Nxa4 Qxa3 29. Qe2 Qe7 30. Qc4 Qb4 31. Bf1 Qxc4 32. Bxc4 Bd6 33. Kf1 Kf7 34. Ke2
Kf6 35. f4 g5 36. fxg5+ Kxg5 37. Nc3 Kf6 38. Ke3 Bc5+ 39. Kf4 Bb4 40. Nd1 Bh5
41. Bb3 b6 42. Ke3 Bc5+ 43. Kd3 Bf3 44. Ne3 Be4+ 45. Kd2 Ke5 46. h4 h6 47. Nc4+
Kd4 48. Ne3 Bd6 49. Bc2 Bxc2 50. Nxc2+ Ke4 51. Ke2 Bxg3 52. Ne3 h5 0-1

[Event "Sunway Sitges Open 2017"]
[Site "Sitges ESP"]
[Date "2017.12.16"]
[Round "2.2"]
[White "Shankland, Samuel"]
[Black "Ootes, Lars"]
[Result "1-0"]
[WhiteTitle "GM"]
[BlackTitle "IM"]
[WhiteElo "2662"]
[BlackElo "2384"]
[WhiteFideId "2004887"]
[BlackFideId "1019708"]
[EventDate "2017.12.15"]

1. e4 d6 2. d4 Nf6 3. Nc3 g6 4. Bg5 c6 5. Qd2 b5 6. f3 Nbd7 7. d5 cxd5 8. Bxb5
dxe4 9. Bxf6 exf6 10. Nxe4 Be7 11. Bc6 Rb8 12. Nxd6+ Bxd6 13. Qxd6 Qa5+ 14. Kf2
Qb6+ 15. Kg3 Qxb2 16. Re1+ Kd8 17. Re7 Rb7 18. Bxb7 Qxb7 19. Rxd7+ Qxd7 20.
Qxf6+ Kc7 21. Qxh8 Qd6+ 22. f4 1-0

[Event "Sunway Sitges Open 2017"]
[Site "Sitges ESP"]
[Date "2017.12.16"]
[Round "2.3"]
[White "Minero Pineda, Sergio"]
[Black "Salem, A.R. Saleh"]
[Result "1/2-1/2"]
[WhiteTitle "IM"]
[BlackTitle "GM"]
[WhiteElo "2384"]
[BlackElo "2638"]
[WhiteFideId "6500374"]
[BlackFideId "9301348"]
[EventDate "2017.12.15"]

1. d4 Nf6 2. c4 c5 3. d5 b5 4. cxb5 a6 5. b6 d6 6. Nc3 Qxb6 7. e4 g6 8. Nf3 Bg4
9. Be2 Bxf3 10. Bxf3 Nbd7 11. O-O Bg7 12. Qc2 O-O 13. Be3 Rfc8 14. Be2 Ne8 15.
h4 Bd4 16. Bg5 Nef6 17. Rab1 Ne5 18. Nd1 Nfg4 19. Bxg4 Nxg4 20. Qe2 Ne5 21. Bxe7
Re8 22. Bg5 Qb5 23. Nc3 Qc4 24. Qd2 Bxc3 25. bxc3 Qxe4 26. Rfe1 Qf5 27. Qf4 Qxf4 1/2-1/2

[Event "Sunway Sitges Open 2017"]
[Site "Sitges ESP"]
[Date "2017.12.16"]
[Round "2.4"]
[White "Melkumyan, Hrant"]
[Black "Perez Mitjans, Orelvis"]
[Result "1-0"]
[WhiteTitle "GM"]
[BlackTitle "GM"]
[WhiteElo "2633"]
[BlackElo "2381"]
[WhiteFideId "13302485"]
[BlackFideId "3502856"]
[EventDate "2017.12.15"]

1. Nf3 Nf6 2. d4 g6 3. g3 Bg7 4. Bg2 O-O 5. O-O d6 6. b3 e5 7. dxe5 Ng4 8. Bb2
Nc6 9. Nc3 Ngxe5 10. Nxe5 Bxe5 11. Rb1 Bd7 12. Nd5 a5 13. a4 Bxb2 14. Rxb2 Kg7
15. e3 Rb8 16. Qd2 f6 17. Rbb1 b6 18. Rbd1 Ne7 19. Nc3 Bc6 20. e4 Qd7 21. Rfe1
Rbe8 22. h4 Ng8 23. Kh2 Kh8 24. Qd4 Qg7 25. Bh3 Nh6 26. Qc4 Bb7 27. Nd5 Rf7 28.
f4 g5 29. Rg1 Qg6 30. Rde1 Bxd5 31. Qxd5 Rg7 32. Qd4 Nf7 33. Qf2 Qh6 34. Bf5
Reg8 35. Be6 gxh4 36. g4 Re8 37. Bf5 Nd8 38. Kh3 Ne6 39. Rgf1 Rge7 40. Qd2 Ng7
41. g5 Qh5 42. gxf6 Nxf5 43. fxe7 Ng3 44. Qd4+ Kg8 45. Rg1 Rxe7 46. Qd5+ Kf8 47.
Qxh5 Nxh5 48. Kg4 Nf6+ 49. Kf3 Nd7 50. Rh1 Rf7 51. Rxh4 Ne5+ 52. Ke3 Ng6 53. Rg4
Ke7 54. Rh1 1-0

[Event "Sunway Sitges Open 2017"]
[Site "Sitges ESP"]
[Date "2017.12.16"]
[Round "2.5"]
[White "Sai Agni Jeevitesh, J"]
[Black "Zubov, Alexander"]
[Result "0-1"]
[WhiteTitle "FM"]
[BlackTitle "GM"]
[WhiteElo "2384"]
[BlackElo "2626"]
[WhiteFideId "5070147"]
[BlackFideId "14109409"]
[EventDate "2017.12.15"]

1. d4 d6 2. c4 e5 3. dxe5 dxe5 4. Qxd8+ Kxd8 5. Nc3 Be6 6. e4 Nd7 7. Be3 Bb4 8.
Rc1 a5 9. Nf3 f6 10. a3 Bxc3+ 11. Rxc3 c5 12. Nd2 Ne7 13. f4 Nc6 14. fxe5 fxe5
15. Be2 Nd4 16. Rf1 a4 17. Bh5 Ra6 18. Bf7 Ke7 19. Bxe6 Kxe6 20. Bxd4 exd4 21.
Rg3 g6 22. Nf3 Ke7 23. Rg5 Re6 24. Kd1 Rxe4 25. Rd5 Rf8 26. Re1 Rxe1+ 27. Kxe1
Rf5 28. Rxf5 gxf5 29. Kf2 Kf6 30. Nd2 Ne5 31. Ke2 b6 0-1

[Event "Sunway Sitges Open 2017"]
[Site "Sitges ESP"]
[Date "2017.12.16"]
[Round "2.6"]
[White "Edouard, Romain"]
[Black "Trepat Herranz, Joan"]
[Result "1-0"]
[WhiteTitle "GM"]
[BlackTitle "FM"]
[WhiteElo "2621"]
[BlackElo "2376"]
[WhiteFideId "633429"]
[BlackFideId "2257459"]
[EventDate "2017.12.15"]

1. c4 Nf6 2. Nf3 e6 3. g3 d5 4. Bg2 d4 5. O-O c5 6. e3 Nc6 7. exd4 cxd4 8. d3
Bd6 9. Bg5 h6 10. Bxf6 Qxf6 11. Nbd2 Qe7 12. a3 a5 13. Ne4 Bc7 14. c5 f5 15. Nh4
O-O 16. Nd2 Qxc5 17. Rc1 Qb5 18. Nc4 Bd7 19. Re1 Rae8 20. f4 a4 21. Qf3 Kh7 22.
Qh5 Rf6 23. Nf3 Re7 24. Qh4 e5 25. fxe5 Nxe5 26. Nxd4 Qa6 27. Kh1 Ng6 28. Qh5
Rxe1+ 29. Rxe1 b5 30. Ne3 Ba5 31. Rf1 Qd6 32. Nd5 Rf8 33. Nxf5 Bxf5 34. Rxf5 Qe6
35. Be4 Rxf5 36. Qxf5 Qxf5 37. Bxf5 Bd2 38. Ne7 1-0

[Event "Sunway Sitges Open 2017"]
[Site "Sitges ESP"]
[Date "2017.12.16"]
[Round "2.7"]
[White "Grafl, Florian"]
[Black "Bologan, Victor"]
[Result "0-1"]
[WhiteTitle "IM"]
[BlackTitle "GM"]
[WhiteElo "2380"]
[BlackElo "2607"]
[WhiteFideId "4645715"]
[BlackFideId "13900048"]
[EventDate "2017.12.15"]

1. Nf3 d6 2. Nc3 c5 3. d4 cxd4 4. Qxd4 Nc6 5. Qh4 g6 6. e4 Bg7 7. Bc4 h6 8. Qf4
Nf6 9. e5 dxe5 10. Nxe5 Nxe5 11. Qxe5 O-O 12. O-O Ng4 13. Qg3 Qd4 14. Qd3 Qe5
15. Qg3 Qxg3 16. hxg3 Bd7 17. Nd5 e6 18. Ne3 Rac8 19. Bd3 Ne5 20. Be2 Ba4 21. b3
Nc6 22. Ba3 Bxa1 23. Bxf8 Nd4 24. Bd3 Kxf8 25. Rxa1 Bb5 26. Bxb5 Nxb5 27. Rd1
Ke7 28. a4 Nc3 29. Rd3 f5 30. f3 g5 31. Kf2 h5 32. Rd4 Nd5 33. Nxd5+ exd5 34.
Rd2 Rc3 35. Ke1 Kd6 36. Rf2 d4 37. Kd2 Ke5 38. Rf1 g4 39. Re1+ Kf6 40. Rf1 b6
41. Rf2 a6 42. Rf1 b5 43. axb5 axb5 44. Rf2 b4 45. Rf1 d3 46. cxd3 Rxb3 47. Ke3
Rb2 48. Ra1 Rxg2 49. Ra6+ Ke5 50. Ra5+ Ke6 51. Ra6+ Kd7 52. fxg4 hxg4 53. Kf4
Rf2+ 54. Ke5 b3 55. Rb6 b2 56. Kd4 f4 57. gxf4 g3 58. Ke3 Rc2 59. Kf3 g2 0-1

[Event "Sunway Sitges Open 2017"]
[Site "Sitges ESP"]
[Date "2017.12.16"]
[Round "2.8"]
[White "Kozul, Zdenko"]
[Black "Bjerre, Jonas Buhl"]
[Result "1-0"]
[WhiteTitle "GM"]
[BlackTitle "FM"]
[WhiteElo "2607"]
[BlackElo "2365"]
[WhiteFideId "14502879"]
[BlackFideId "1444948"]
[EventDate "2017.12.15"]

1. d4 Nf6 2. c4 e6 3. g3 Bb4+ 4. Bd2 a5 5. Bg2 d6 6. Nf3 Nbd7 7. O-O e5 8. dxe5
dxe5 9. Nc3 c6 10. Qc2 O-O 11. Rfd1 Qc7 12. Na4 Re8 13. c5 b5 14. cxb6 Nxb6 15.
Bxb4 axb4 16. Nxb6 Qxb6 17. Nd2 Nd5 18. Nc4 Qc5 19. Bxd5 cxd5 20. Ne3 Qxc2 21.
Nxc2 b3 22. axb3 Be6 23. b4 d4 24. Rxa8 Rxa8 25. f4 f6 26. fxe5 fxe5 27. Ne1 Bc4
28. Nd3 Bxd3 29. exd3 Rb8 30. Kf2 Rxb4 31. Rd2 e4 32. dxe4 Rb3 33. h4 Kf7 34.
Rxd4 Rxb2+ 35. Kf3 Ke6 36. Ra4 Rb7 37. Ra6+ Ke5 38. Ra5+ Ke6 39. Kf4 Rf7+ 40.
Rf5 Rb7 41. Re5+ Kf7 42. Ra5 Ke6 43. Ra6+ Kf7 44. h5 Rc7 45. g4 Rb7 46. e5 Ke7
47. Kf5 Kf7 48. g5 Rc7 49. g6+ hxg6+ 50. hxg6+ Ke7 51. Ra8 Rc1 52. Ra7+ Kf8 53.
Rf7+ Kg8 54. e6 Rf1+ 55. Ke5 Re1+ 56. Kd6 Ra1 57. Rc7 Ra8 58. Kd7 1-0

[Event "Sunway Sitges Open 2017"]
[Site "Sitges ESP"]
[Date "2017.12.16"]
[Round "2.9"]
[White "Liu, Yi"]
[Black "Can, Emre"]
[Result "0-1"]
[WhiteTitle "FM"]
[BlackTitle "GM"]
[WhiteElo "2366"]
[BlackElo "2605"]
[WhiteFideId "3210588"]
[BlackFideId "6302181"]
[EventDate "2017.12.15"]

1. d4 Nf6 2. c4 e6 3. Nf3 d5 4. Nc3 Bb4 5. cxd5 exd5 6. Bg5 Nbd7 7. e3 c5 8. Be2
Qa5 9. O-O c4 10. Qc2 Bxc3 11. bxc3 Ne4 12. Rac1 Nb6 13. Bf4 O-O 14. Ne5 Qa4 15.
f3 Qxc2 16. Rxc2 Nd6 17. Ng6 hxg6 18. Bxd6 Re8 19. Bf4 Bf5 20. Rd2 g5 21. Bxg5
f6 22. Bf4 g5 23. e4 gxf4 24. exf5 Re3 25. Rc1 Na4 26. Rdc2 Nxc3 27. Bxc4 dxc4
28. Rxc3 Rxc3 29. Rxc3 b5 30. Rc1 Kf7 31. g4 fxg3 32. hxg3 Ke7 33. Kf2 Kd6 34.
Re1 Kd5 35. Re6 b4 36. Ke3 a5 37. Rb6 Re8+ 38. Kd2 Kxd4 39. Rxf6 c3+ 40. Kc2
Re2+ 41. Kb1 Rb2+ 42. Kc1 Rxa2 43. Rb6 Kc5 44. Rb8 Kc4 0-1

[Event "Sunway Sitges Open 2017"]
[Site "Sitges ESP"]
[Date "2017.12.16"]
[Round "2.10"]
[White "Akshat, Khamparia"]
[Black "Predke, Alexandr"]
[Result "0-1"]
[WhiteTitle "IM"]
[BlackTitle "GM"]
[WhiteElo "2364"]
[BlackElo "2599"]
[WhiteFideId "5016541"]
[BlackFideId "24107581"]
[EventDate "2017.12.15"]

1. d4 Nf6 2. c4 e6 3. Nc3 Bb4 4. f3 c5 5. d5 O-O 6. e4 b5 7. Bd2 bxc4 8. Bxc4
Bb7 9. Nge2 exd5 10. Bxd5 Bxd5 11. Nxd5 Nxd5 12. exd5 Qh4+ 13. g3 Qf6 14. Bxb4
cxb4 15. Qb3 Re8 16. Kf2 Qb6+ 17. Ke1 Re3 18. Qc4 Na6 19. Rf1 Nc5 20. Rd1 Rc8
21. Qd4 Rce8 22. Qc4 Rxe2+ 23. Qxe2 Rxe2+ 24. Kxe2 Qa6+ 25. Kf2 Qxa2 26. Rfe1 g6
27. Rd2 Qc4 28. Kg2 a5 0-1

[Event "Sunway Sitges Open 2017"]
[Site "Sitges ESP"]
[Date "2017.12.16"]
[Round "2.11"]
[White "Chakravarthi Reddy, M"]
[Black "Sokolov, Ivan"]
[Result "0-1"]
[WhiteTitle "IM"]
[BlackTitle "GM"]
[WhiteElo "2364"]
[BlackElo "2589"]
[WhiteFideId "25009532"]
[BlackFideId "14400030"]
[EventDate "2017.12.15"]

1. c4 e5 2. Nc3 Bb4 3. Nd5 Bc5 4. Nf3 c6 5. Nc3 Qe7 6. d4 exd4 7. Nxd4 Nf6 8.
Nf5 Qe5 9. Nxg7+ Kf8 10. f4 Qc7 11. Nf5 d5 12. Nd4 dxc4 13. e3 Rg8 14. g3 Bg4
15. Qd2 Nbd7 16. Bxc4 Re8 17. O-O h5 18. Qd3 h4 19. Bd2 hxg3 20. hxg3 b5 21. Bb3
Bb6 22. a4 Nc5 23. Qc2 Nh5 24. a5 Nxb3 25. Qxb3 Bxd4 26. exd4 Nxg3 27. Rfe1 Ne4
28. Nxe4 Be6+ 29. Qg3 Rxg3+ 30. Nxg3 Qd6 31. Be3 Bd5 32. Kf2 Qh6 0-1

[Event "Sunway Sitges Open 2017"]
[Site "Sitges ESP"]
[Date "2017.12.16"]
[Round "2.12"]
[White "Aravindh, Chithambaram VR."]
[Black "Kaasen, Tor Fredrik"]
[Result "1-0"]
[WhiteTitle "GM"]
[BlackTitle "FM"]
[WhiteElo "2586"]
[BlackElo "2347"]
[WhiteFideId "5072786"]
[BlackFideId "1516647"]
[EventDate "2017.12.15"]

1. e4 c5 2. Nf3 e6 3. Nc3 Nc6 4. Bb5 Nge7 5. d4 cxd4 6. Nxd4 a6 7. Be2 b5 8. O-O
Nxd4 9. Qxd4 Nc6 10. Qd3 Be7 11. Bf4 O-O 12. Rfd1 Qb6 13. Bd6 Rd8 14. a4 b4 15.
a5 Qa7 16. Na4 Bxd6 17. Qxd6 Bb7 18. Nb6 Rab8 19. Qc7 d5 20. exd5 exd5 21. Bf3
Re8 22. Re1 Ba8 23. Nxa8 Qxa8 24. Rxe8+ Rxe8 25. Bxd5 1-0

[Event "Sunway Sitges Open 2017"]
[Site "Sitges ESP"]
[Date "2017.12.16"]
[Round "2.13"]
[White "O'Donnell, Conor"]
[Black "Petrov, Nikita"]
[Result "0-1"]
[WhiteTitle "FM"]
[BlackTitle "IM"]
[WhiteElo "2349"]
[BlackElo "2574"]
[WhiteFideId "2504243"]
[BlackFideId "4101286"]
[EventDate "2017.12.15"]

1. d4 d5 2. c4 c6 3. cxd5 cxd5 4. Bf4 Nc6 5. Nc3 Nf6 6. e3 Bg4 7. Qb3 Na5 8.
Qa4+ Bd7 9. Qc2 e6 10. Bd3 Nc6 11. a3 Nh5 12. Be5 Qg5 13. Nf3 Qxg2 14. Ke2 f6
15. Bg3 g5 16. Bxh7 Kd8 17. b4 Rc8 18. Rhg1 Qh3 19. Bd3 Nf4+ 20. Bxf4 gxf4 21.
Qd2 Bh6 22. exf4 e5 23. dxe5 Nxe5 24. Nxe5 fxe5 25. Nxd5 exf4 26. Qb2 Re8+ 27.
Kd2 f3+ 28. Ne3 Bxe3+ 0-1

[Event "Sunway Sitges Open 2017"]
[Site "Sitges ESP"]
[Date "2017.12.16"]
[Round "2.14"]
[White "Liang, Awonder"]
[Black "Garcia Ramos, Daniel"]
[Result "1-0"]
[WhiteTitle "GM"]
[BlackTitle "FM"]
[WhiteElo "2573"]
[BlackElo "2332"]
[WhiteFideId "2056437"]
[BlackFideId "32010311"]
[EventDate "2017.12.15"]

1. e4 c5 2. Nf3 e6 3. d4 cxd4 4. Nxd4 a6 5. Bd3 Qc7 6. O-O d6 7. Qe2 Nf6 8. c4
Be7 9. Nc3 O-O 10. Be3 Nbd7 11. f4 b6 12. Rac1 Re8 13. b4 Bb7 14. a3 Bf8 15. g4
g6 16. g5 Nh5 17. Qf2 e5 18. Nd5 Bxd5 19. cxd5 Nc5 20. fxe5 Nxd3 21. Rxc7 Nxf2
22. Rxf2 Rxe5 23. Rcxf7 Rxe4 24. Ne6 Bg7 25. Bxb6 Re5 26. Rf1 Rxd5 27. Bd8 Rd1
28. Rxg7+ Nxg7 29. Rxd1 Nxe6 30. Bf6 Kf7 31. Rxd6 Ra7 32. Kf2 h6 33. h4 hxg5 34.
hxg5 a5 35. b5 Rb7 36. b6 Nc5 37. Rc6 Nd7 38. Bd4 1-0